000 00588nam a2200181 4500
001 127632
003 ES-MaACL
005 20231221152503.0
007 t|
008 070214s1946 ag r ||||1| spa d
100 1 _aRiquelme, Víctor B.
_997445
245 1 0 _aInstituciones de Derecho Procesal Penal /
_cVíctor B. Riquelme ; prólogo del doctor Niceto Alcalá Zamora y Castillo.
260 _aBuenos Aires :
_bAtalaya,
_c1946.
300 _a1 v. ;
_c24 cm.
700 1 _aAlcalá Zamora, Niceto,
_d1877-1949
_919473
852 _aES-MaACL
_jC-5454
_bR.25686
999 _c127632
_d127632